| 000 | 01658nam a2200301 a 4500 | ||
|---|---|---|---|
| 001 | 000019285 | ||
| 005 | 20200929165955.0 | ||
| 008 | 100531m19121914sp 000 m spa d | ||
| 040 |
_aDO-SdBNP _bspa _cBNPHU |
||
| 082 |
_a885.1 _bC485ób |
||
| 100 | 1 |
_aCicerón, Marcus Tullius, _d106 a.C.-43 a.C. _941462 |
|
| 245 | 1 | 0 |
_aObras completas de Marco Tulio Cicerón / _cMarco Tulio Cicerón. |
| 260 |
_aMadrid : _bLibrería de Perlado Páez, _c1912-1914. |
||
| 300 |
_av. ; _c18 cm. |
||
| 490 | 1 |
_aBiblioteca clásica _v59-86 |
|
| 505 | 0 |
_gt. 3. _rTraducción del latín por Marcelino Menéndez Pelayo. -- _gt. 4. _rTraducción al castellano de Manuel de Valbuena. -- _gt. 5. _rTraducción al castellano de Marcelino Menéndez y Pelayo. -- _gt. 6. _rTraducción al castellano de Francisco Navarro y Calvo. -- _gt. 7. _tEpístolas familiares I / _rtraducción al castellano de Pedro Simón Abril. -- _gt. 8. _tEpístolas familiares II / _rtraducción al castellano de Pedro Simón Abril. -- _gt. 9. _tCartas políticas I / _rtraducción al castellano de Francisco Navarro y Calvo. -- _gt. 10. _tCartas políticas II / _rtraducción al castellano de Francisco Navarro y Calvo. |
|
| 600 | 1 | 0 |
_aCICERÓN, MARCO TULIO, _d106 a.C.-43 a. C. _xCOLECCIONES DE ESCRITOS _941467 |
| 650 | 4 |
_aOratoria griega _925554 |
|
| 650 | 4 |
_aRetórica antigua _935130 |
|
| 650 | 4 |
_aLiteratura griega _92386 |
|
| 700 | 1 |
_aNavarro y Calvo, Francisco, _etr. _941477 |
|
| 700 | 1 |
_aAbril, Pedro Simón, _etr. _941478 |
|
| 700 | 1 |
_aValbuena, Manuel de, _etr. _941479 |
|
| 700 | 1 |
_aMenéndez Pelayo, Marcelino, _etr. _941480 |
|
| 830 | 0 |
_aBiblioteca clásica ; _n59-86 _941481 |
|
| 910 | _aWM | ||
| 049 | _aBNGR | ||
| 999 |
_c18803 _d18803 |
||